01098 a2200181 45000010006000000050017000060080041000230030015000640400040000790800162001192450030002810200018003112640034003293000019003635050483003821000022008657000029008872571020260407155541.0260407a1991 arg spa dAR-UNSa-BCEJYS aAR-UNSa-BCEJYSbspacAR-UNSa-BCEJYS a51-7xEstudios y métodos matemáticos en otros campos del conocimiento. Matemáticas científicas. Matemáticas actuariales (Matemáticas Financieras)10aMatemáticas financieras a968-422-160-6 1aMéxico :bMcGraw-Hillc1991 a230 p.c27 cm. a1. Operaciones con números - 2. Exponentes y logaritmos - 3. Progresiones - 4. Interes simple - 5. Descuento simple - 6. Pagos parciales - 7. Interés compuesto - 8. Interés compuesto - 9. Anualidades ciertas ordienarias - 11. Amortización y fondos de amortización - 12. Bonos - 13. Anualidades anticipadas diferidas y perpetuidades - 14. Anualidades ciertas. Caso general - 15. Probabilidad y la tabla de mortalidad - 16. Anualidades contingentes - 17. Seguro de vida.1 aAyres, Frank, Jr.1 aOcampo Compean, Fernando